000 00588nam a2200181Ia 4500
008 100920s9999 xx 000 0 und d
082 _b11004
_a28 व 51 थ 50
100 _aदीक्षति म.श्री.
245 _aडॉ.आंबेडकर.
260 _bकेतकर वि.गं.,पुणे.
_c1950
300 _a18
_bसाधी
365 _b0.36
520 _aबा. वि चरित्र.
630 _aडॉ.आंबेडकर.
650 _aबा. वि चरित्र.
730 _aडॉ.आंबेडकर.
942 _cBOOK
999 _c677090
_d677087